|
|
|
|
| LEADER |
00000nam a22000007a 4500 |
| 005 |
20190723225039.0 |
| 007 |
cr|||| |||| |
| 008 |
190723s2019 br |||||s|||| 00||0 por d |
| 020 |
|
|
|a 978-85-7789-414-7
|
| 035 |
|
|
|a 23828
|
| 040 |
|
|
|a vLex
|
| 090 |
|
|
|c 9052
|d 9052
|
| 100 |
1 |
|
|a Santos Sampaio, Alexandre
|
| 245 |
1 |
0 |
|a Indenizaȯ̂ por Acidente de Trabalho Gerado por Lesô por Esforȯ Repetitivo
|h [Recurso electrn̤ico] :
|b Doenȧ Ocupacional (LER/DORT) /
|c Alexandre Santos Sampaio
|
| 256 |
|
|
|a Servicio en ln̕ea
|
| 260 |
|
|
|a San Pablo:
|b JH Mizuno,
|c 2019
|
| 300 |
|
|
|a 1 recurso electrn̤ico
|
| 500 |
|
|
|a O props̤ito deste livro ̌tratar sobre a LER/DORT frente a responsabilidade do empregador. Para isso, ̌exposto ao longo da obra: o conceito de LER/DORT e acidente de trabalho; histr̤ico da responsabilidade civil; pressupostos da responsabilidade civil; tipos de acidente; espčies de responsabilidade; competn̊cia para julgar das queste̳s acidentr̀ias; n̥us probatr̤io. Alm̌ disso, busca-se analisar o desdobramento do dano, suas espčies, bem como as excludentes de responsabilidade, sem esquecer de tratar sobre como os tribunais superiores estô julgando a questô. Desse modo, o autor empenha-se em delimitar at ̌que ponto deve-se chegar ̉responsabilidade do empregador, abordando, ao longo do trabalho, queste̳s prt̀icas e apresentando possv̕eis soluė̳s para a questô. Espera-se com o livro contribuir para a discussô da matřia e o seu aprofundamento nas searas acadm̊icas e profissionais do Direito.
|
| 506 |
1 |
|
|a Disponible solo en los productos indicados
|d vLex Global
|d vLex Global (Academic Edition, excluding Law Schools)
|d vLex Global (U.S. Academic Edition, Law Schools)
|d vLex Global (U.S. Academic Edition, excluding Law Schools)
|d vLex Global (Academic Edition, Law Schools)
|
| 650 |
0 |
4 |
|a Derecho Laboral y Seguridad Social
|z Brasil
|
| 650 |
0 |
4 |
|a Procedimiento Laboral
|z Brasil
|
| 740 |
0 |
|
|a vLex Libros (Servicio en ln̕ea)
|
| 856 |
4 |
0 |
|u http://vlex.com/source/indeniza-o-por-acidente-de-trabalho-gerado-por-les-o-por-esfor-o-repetitivo-doen-a-ocupacional-ler-dort--23828
|z Acceso restringido
|
| 942 |
|
|
|c BOOK
|
| 999 |
0 |
|
|a Labor Law and Social Security
|
| 999 |
0 |
|
|a Labor Procedure
|